LEADER 01357nam 2200421 450 001 9910466223203321 005 20190212143914.0 010 $a1-78714-307-4 010 $a1-78714-180-2 035 $a(CKB)3710000001095808 035 $a(MiAaPQ)EBC4803519 035 $a(EXLCZ)993710000001095808 100 $a20170417h20172017 uy 0 101 0 $aeng 135 $aurcnu|||||||| 181 $2rdacontent 182 $2rdamedia 183 $2rdacarrier 200 00$aAdvances in accounting education $eteaching and curriculum innovations /$fedited by Timothy Rupert, Beth B. Kern 210 1$aBingley, England :$cEmerald Publishing,$d2017. 210 4$d©2017 215 $a1 online resource (220 pages) 225 0 $aAdvances in Accounting Education: Teaching and Curriculum Innovations,$x1085-4622 ;$vVolume 20 311 $a1-78714-181-0 320 $aIncludes bibliographical references at the end of each chapters and index. 606 $aAccounting$xStudy and teaching 608 $aElectronic books. 615 0$aAccounting$xStudy and teaching. 676 $a657.071 702 $aRupert$b Timothy J. 702 $aKern$b Beth B. 801 0$bMiAaPQ 801 1$bMiAaPQ 801 2$bMiAaPQ 906 $aBOOK 912 $a9910466223203321 996 $aAdvances in accounting education$91893481 997 $aUNINA LEADER 03994nam 22005053 450 001 9910888074003321 005 20251116150227.0 010 $a9783428573950 010 $a3428573951 035 $a(CKB)5690000000011527 035 $a(MiAaPQ)EBC7101330 035 $a(Au-PeEL)EBL7101330 035 $a(OCoLC)1347029048 035 $a(Exl-AI)7101330 035 $a(EXLCZ)995690000000011527 100 $a20221219d2022 uy 0 101 0 $ager 135 $aurcnu|||||||| 181 $ctxt$2rdacontent 182 $cc$2rdamedia 183 $acr$2rdacarrier 200 14$aDie Gemeindebetriebe In Österreich $eGemeindebetriebe - Neuere Versuche und Erfahrungen über Die Ausdehnung der Kommunalen Tätigkeit in Deutschland und Im Ausland. III. Band, 1. Teil. (Schriften des Vereins Für Socialpolitik 130-I) 205 $a1st ed. 210 1$aBerlin :$cDuncker & Humblot,$d2022. 210 4$d©1909. 215 $a1 online resource (248 pages) 225 1 $aDuncker & Humblot reprints 311 08$a9783428173952 311 08$a3428173953 327 $aVorwort zum dritten Band -- Inhaltsverzeichnis -- Die Gemeindebetriebe der Stadtgemeinde Prag. Von Prof. Dr. C. Horacek -- I. Allgemeines -- II. Unbeweglicher Besitz -- III. Städtische Gasanstalten, Elektrizitäts- und Wasserwerke -- IV. Städtische Kommunikationsmittel -- V. Städtische Kredit- und Versicherungsanstalten -- VI. Städtische hygienische und Sanitätsanstalten -- VII. Sozialpolitische Anstalten -- VIII. Linienverzehrungssteuerpachtung -- IX. Schlußwort -- Der Wiener Zentralviehmarkt St. Marx, seine Bedeutung für den Viehhandel und seine volkswirtschaftliche Funktion. Von Karl Schwarz, Magistratsoberkommissär und Vorstand der städtischen Übernahmsstelle für Vieh und Fleisch in Wien -- Einleitung -- I. Die Organisation des Marktes -- 1. Der Viehmarkt und seine Anstalten -- 2. Die Marktordnung -- 3. Die Veterinärmaßregeln -- II. Die Versorgung des Marktes -- 1. Die Größe des Auftriebes und seine Herkunft im allgemeinen -- 2. Der Rinderauftrieb und die Bedeutung Ungarns dafür -- 3. Die Viehproduktion der Alpen- und Sudetenländer -- 4. Die Stellung Galiziens und anderer Länder -- 5. Der Schweineauftrieb und seine Herkunft -- 6. Die Versorgung mit Schafen, Lämmern und Kälbern -- 7. Die Bedeutung der einzelnen Kronländer für die Versorgung des Wiener Marktes -- III. Der Viehhandel -- 1. Seine Organisation -- 2. Die einzelnen Geschäftsformen -- IV. Die Preisbildung$7Generated by AI. 330 $aThis book is a comprehensive examination of municipal activities and their expansion within Austria, as part of a larger collection focused on social policy. Edited by Carl Johannes Fuchs, it features contributions from several experts, including Dr. C. Horacek, Dr. K. T. Wächter, Karl Schwarz, and others, discussing the development and management of urban infrastructure and public utilities in cities such as Prague, Vienna, and Salzburg. The book delves into topics like municipal ownership of utilities, market organization, and the economic impact of municipal enterprises. It also explores the challenges and successes of municipal involvement in public services, highlighting the balance between public and private sector roles. The intended audience includes policymakers, urban planners, and academics interested in urban development and municipal governance.$7Generated by AI. 410 0$aDuncker & Humblot reprints 517 $aGemeindebetriebe in Österreich 606 $aMunicipal government$7Generated by AI 606 $aPublic utilities$7Generated by AI 615 0$aMunicipal government 615 0$aPublic utilities 700 $aFuchs$b Carl Johannes$0148514 801 0$bMiAaPQ 801 1$bMiAaPQ 801 2$bMiAaPQ 906 $aBOOK 912 $a9910888074003321 996 $aDie Gemeindebetriebe in Österreich$94241371 997 $aUNINA